| 000 | 00613cab a2200193 4500 | ||
|---|---|---|---|
| 001 | WB2720-36 | ||
| 008 | 090401t1991 xxu||||| |||| 00| 0 eng d | ||
| 035 | _a(Sirsi) u9708 | ||
| 041 | _aeng | ||
| 245 | _aPrices pick up | ||
| 260 | _c1991 | ||
| 350 | _a0 | ||
| 490 |
_aDaily Express _v21/5/91 p21 |
||
| 520 | _aThe latest house price survey from Halifax Building Society predicts that the market is on the road to recovery after suffering the deepest recession since 1945. | ||
| 650 | _aFORECAST | ||
| 690 | _aPROPERTY-RESIDENTIAL PROPERTY-RESIDENTIAL PROPERTY MARKET | ||
| 942 | _n0 | ||
| 948 | _c04/03/1997 | ||
| 999 |
_c6100 _d6100 |
||